[Event "World Chess Olympiad 2018"]
[Site "Batumi"]
[Date "2018.09.24"]
[Round "1"]
[Board "1"]
[WhiteFideId "12401110"]
[White "Nguyen Ngoc Truong Son"]
[BlackFideId "16301188"]
[Black "Bai Adelard"]
[Result "1-0"]
[LiveChessVersion "1.4.8"]
[BlackElo "2111"]
[WhiteElo "2620"]

1. e4 {[%clk 1:30:55]} e5 {[%clk 1:30:44]} 2. Nf3 {[%clk 1:31:14]} Nc6
{[%clk 1:31:02]} 3. Bb5 {[%clk 1:31:35]} a6 {[%clk 1:31:06]} 4. Ba4
{[%clk 1:31:57]} Nf6 {[%clk 1:31:25]} 5. O-O {[%clk 1:32:17]} Be7
{[%clk 1:31:24]} 6. Re1 {[%clk 1:32:37]} b5 {[%clk 1:31:38]} 7. Bb3
{[%clk 1:32:59]} O-O {[%clk 1:31:38]} 8. c3 {[%clk 1:33:10]} d5 {[%clk 1:31:55]}
9. exd5 {[%clk 1:33:07]} Nxd5 {[%clk 1:32:14]} 10. Nxe5 {[%clk 1:33:22]} Nxe5
{[%clk 1:32:35]} 11. Rxe5 {[%clk 1:33:46]} c6 {[%clk 1:32:53]} 12. d3
{[%clk 1:33:49]} Bd6 {[%clk 1:33:03]} 13. Re1 {[%clk 1:34:06]} Qh4
{[%clk 1:33:22]} 14. g3 {[%clk 1:26:30]} Qh3 {[%clk 1:33:42]} 15. Re4
{[%clk 1:12:16]} Qf5 {[%clk 1:34:01]} 16. Nd2 {[%clk 1:02:13]} Qg6
{[%clk 1:32:35]} 17. Nf3 {[%clk 0:54:45]} Bg4 {[%clk 1:29:09]} 18. h3
{[%clk 0:47:08]} Bxh3 {[%clk 1:02:57]} 19. Nh4 {[%clk 0:45:59]} Qf6
{[%clk 0:59:09]} 20. Qf3 {[%clk 0:34:20]} Qxf3 {[%clk 0:47:46]} 21. Nxf3
{[%clk 0:34:45]} Nf6 {[%clk 0:48:03]} 22. Re1 {[%clk 0:31:09]} Bf5
{[%clk 0:44:11]} 23. Bg5 {[%clk 0:29:05]} Rae8 {[%clk 0:42:54]} 24. a4
{[%clk 0:24:21]} b4 {[%clk 0:34:36]} 25. a5 {[%clk 0:18:32]} Nd7 {[%clk 0:26:35]}
26. Nd4 {[%clk 0:16:11]} Bxd3 {[%clk 0:24:50]} 27. Red1 {[%clk 0:13:58]} Nc5
{[%clk 0:17:51]} 28. cxb4 {[%clk 0:14:12]} Nxb3 {[%clk 0:18:07]} 29. Nxb3
{[%clk 0:14:37]} Bc2 {[%clk 0:18:11]} 30. Rxd6 {[%clk 0:14:57]} Bxb3
{[%clk 0:18:34]} 31. Rxc6 {[%clk 0:14:35]} Re6 {[%clk 0:15:04]} 32. Rc5
{[%clk 0:12:32]} Rb8 {[%clk 0:13:09]} 33. Bf4 {[%clk 0:11:39]} Ra8
{[%clk 0:12:49]} 34. b5 {[%clk 0:11:53]} axb5 {[%clk 0:08:30]} 35. Rxb5
{[%clk 0:12:15]} Bc2 {[%clk 0:08:24]} 36. b4 {[%clk 0:10:15]} Rea6
{[%clk 0:08:16]} 37. Rc5 {[%clk 0:10:06]} Be4 {[%clk 0:08:10]} 38. b5
{[%clk 0:08:13]} Re6 {[%clk 0:07:58]} 39. Re1 {[%clk 0:07:42]} h6
{[%clk 0:07:39]} 40. b6 {[%clk 0:37:03]} Rd8 {[%clk 0:35:54]} 41. Rxe4
{[%clk 0:37:19]} Rxe4 {[%clk 0:35:54]} 42. b7 {[%clk 0:37:34]} Rb4
{[%clk 0:35:26]} 43. Rc8 {[%clk 0:37:49]} 1-0

[Event "World Chess Olympiad 2018"]
[Site "Batumi"]
[Date "2018.09.24"]
[Round "1"]
[Board "2"]
[WhiteFideId "3203824"]
[White "Song Raymond"]
[BlackFideId "12401820"]
[Black "Tran Tuan Minh"]
[Result "0-1"]
[LiveChessVersion "1.4.8"]
[BlackElo "2491"]
[WhiteElo "2305"]

1. e4 {[%clk 1:30:57]} c5 {[%clk 1:30:20]} 2. Nf3 {[%clk 1:31:18]} d6
{[%clk 1:30:40]} 3. d4 {[%clk 1:31:40]} cxd4 {[%clk 1:31:00]} 4. Nxd4
{[%clk 1:32:03]} Nf6 {[%clk 1:31:16]} 5. Nc3 {[%clk 1:32:29]} a6 {[%clk 1:31:33]}
6. h3 {[%clk 1:32:53]} e5 {[%clk 1:31:48]} 7. Nde2 {[%clk 1:33:16]} h5
{[%clk 1:31:53]} 8. Bg5 {[%clk 1:33:38]} Be7 {[%clk 1:31:54]} 9. Ng3
{[%clk 1:34:03]} h4 {[%clk 1:30:09]} 10. Nf5 {[%clk 1:34:25]} Bxf5
{[%clk 1:30:27]} 11. exf5 {[%clk 1:34:52]} Nbd7 {[%clk 1:29:51]} 12. Bc4
{[%clk 1:23:26]} Rc8 {[%clk 1:24:49]} 13. Bb3 {[%clk 1:23:29]} Rh5
{[%clk 1:19:41]} 14. Ne4 {[%clk 1:06:37]} Nxe4 {[%clk 1:16:49]} 15. Bxe7
{[%clk 1:04:28]} Qa5+ {[%clk 0:57:45]} 16. c3 {[%clk 1:04:48]} Qc5
{[%clk 0:57:04]} 17. O-O {[%clk 1:03:47]} Rh7 {[%clk 0:52:12]} 18. Qd3
{[%clk 0:58:25]} Nxf2 {[%clk 0:50:59]} 19. Qxd6 {[%clk 0:58:22]} Nxh3+
{[%clk 0:49:34]} 20. Kh2 {[%clk 0:58:29]} Qxd6 {[%clk 0:44:35]} 21. Bxd6
{[%clk 0:58:51]} Rc6 {[%clk 0:36:39]} 22. Bxe5 {[%clk 0:43:24]} Nxe5
{[%clk 0:36:48]} 23. Rfe1 {[%clk 0:43:20]} f6 {[%clk 0:34:19]} 24. Kxh3
{[%clk 0:43:29]} Rh5 {[%clk 0:33:09]} 25. Bc2 {[%clk 0:36:26]} Rb6
{[%clk 0:24:54]} 26. b3 {[%clk 0:35:52]} Rg5 {[%clk 0:23:48]} 27. Re3
{[%clk 0:34:43]} Rd6 {[%clk 0:13:52]} 28. Rd1 {[%clk 0:32:19]} Rxd1
{[%clk 0:11:54]} 29. Bxd1 {[%clk 0:32:48]} Rxf5 {[%clk 0:09:33]} 30. Bf3
{[%clk 0:33:14]} g5 {[%clk 0:04:16]} 31. Bxb7 {[%clk 0:32:46]} Rf2
{[%clk 0:01:56]} 32. a4 {[%clk 0:32:11]} a5 {[%clk 0:00:50]} 33. Bd5
{[%clk 0:22:47]} Rd2 {[%clk 0:00:35]} 34. Be4 {[%clk 0:21:15]} Rb2
{[%clk 0:00:46]} 35. c4 {[%clk 0:15:24]} Kd7 {[%clk 0:00:45]} 36. c5
{[%clk 0:15:51]} Rd2 {[%clk 0:00:38]} 37. Rc3 {[%clk 0:05:32]} Kc7
{[%clk 0:00:40]} 38. Bf5 {[%clk 0:05:33]} Rf2 {[%clk 0:00:40]} 39. Be6
{[%clk 0:05:48]} f5 {[%clk 0:00:33]} 40. g3 {[%clk 0:34:16]} Ng6 {[%clk 0:30:33]}
41. gxh4 {[%clk 0:32:51]} Nf4+ {[%clk 0:19:28]} 42. Kg3 {[%clk 0:33:20]} Rb2
{[%clk 0:19:44]} 43. Bc4 {[%clk 0:31:07]} Nh5+ {[%clk 0:17:35]} 44. Kf3
{[%clk 0:31:35]} g4+ {[%clk 0:17:49]} 45. Ke3 {[%clk 0:32:04]} f4+
{[%clk 0:18:03]} 46. Kd4 {[%clk 0:28:12]} g3 {[%clk 0:13:24]} 47. Rc1
{[%clk 0:20:32]} Rh2 {[%clk 0:06:02]} 48. Re1 {[%clk 0:19:54]} f3
{[%clk 0:05:20]} 49. Bb5 {[%clk 0:18:23]} Rxh4+ {[%clk 0:02:48]} 50. Kc3
{[%clk 0:17:34]} Nf6 {[%clk 0:02:54]} 51. Re7+ {[%clk 0:08:06]} Kd8
{[%clk 0:03:05]} 52. Rg7 {[%clk 0:08:25]} Rg4 {[%clk 0:03:19]} 0-1

[Event "World Chess Olympiad 2018"]
[Site "Batumi"]
[Date "2018.09.24"]
[Round "1"]
[Board "3"]
[WhiteFideId "12404675"]
[White "Nguyen Anh Khoi"]
[BlackFideId "16300440"]
[Black "Yang Ching Wei Austin"]
[Result "1-0"]
[LiveChessVersion "1.4.8"]
[BlackElo "2198"]
[WhiteElo "2463"]

1. d4 {[%clk 1:30:57]} Nf6 {[%clk 1:30:38]} 2. c4 {[%clk 1:31:18]} e6
{[%clk 1:30:56]} 3. g3 {[%clk 1:31:38]} d5 {[%clk 1:30:56]} 4. Bg2
{[%clk 1:31:57]} Be7 {[%clk 1:31:16]} 5. Nf3 {[%clk 1:32:16]} O-O
{[%clk 1:31:34]} 6. O-O {[%clk 1:32:35]} dxc4 {[%clk 1:31:30]} 7. Ne5
{[%clk 1:31:55]} Nc6 {[%clk 1:31:36]} 8. Nxc6 {[%clk 1:32:04]} bxc6
{[%clk 1:29:17]} 9. Na3 {[%clk 1:32:19]} Bxa3 {[%clk 1:28:04]} 10. bxa3
{[%clk 1:29:27]} Ba6 {[%clk 1:18:35]} 11. Qd2 {[%clk 1:26:17]} Rb8
{[%clk 1:09:04]} 12. Qa5 {[%clk 1:16:16]} Rb6 {[%clk 1:04:04]} 13. a4
{[%clk 1:15:28]} Qd6 {[%clk 0:43:47]} 14. e4 {[%clk 1:07:24]} Qb4
{[%clk 0:40:30]} 15. Qxb4 {[%clk 1:06:17]} Rxb4 {[%clk 0:40:58]} 16. Ba3
{[%clk 1:05:37]} Rxa4 {[%clk 0:39:47]} 17. Bxf8 {[%clk 1:05:56]} Kxf8
{[%clk 0:40:15]} 18. Rfd1 {[%clk 0:51:32]} Ke7 {[%clk 0:30:54]} 19. f4
{[%clk 0:28:02]} Nd7 {[%clk 0:08:04]} 20. a3 {[%clk 0:21:40]} Bb5
{[%clk 0:06:11]} 21. Rdb1 {[%clk 0:18:21]} a6 {[%clk 0:02:00]} 22. Bf3
{[%clk 0:15:41]} c5 {[%clk 0:00:50]} 23. Bd1 {[%clk 0:08:25]} Ra5
{[%clk 0:00:39]} 24. dxc5 {[%clk 0:07:41]} Nxc5 {[%clk 0:01:03]} 25. Bc2
{[%clk 0:07:31]} Na4 {[%clk 0:00:33]} 26. Kf2 {[%clk 0:06:54]} Kd6
{[%clk 0:00:31]} 27. Rd1+ {[%clk 0:05:58]} Kc5 {[%clk 0:00:36]} 28. Rd8
{[%clk 0:03:47]} Bc6 {[%clk 0:00:32]} 29. Ke3 {[%clk 0:03:09]} Nb6
{[%clk 0:00:33]} 30. Rf8 {[%clk 0:02:49]} f5 {[%clk 0:00:36]} 31. exf5
{[%clk 0:02:42]} Nd5+ {[%clk 0:00:57]} 32. Kd2 {[%clk 0:02:33]} exf5
{[%clk 0:01:03]} 33. Rxf5 {[%clk 0:02:09]} Kd4 {[%clk 0:01:09]} 34. Re5
{[%clk 0:00:56]} c3+ {[%clk 0:00:32]} 35. Kc1 {[%clk 0:01:19]} Rb5
{[%clk 0:00:32]} 36. Rb1 {[%clk 0:00:44]} Nb6 {[%clk 0:00:45]} 37. Rbxb5
{[%clk 0:00:43]} axb5 {[%clk 0:01:07]} 38. Re7 {[%clk 0:01:06]} Nc4
{[%clk 0:00:33]} 39. Rxc7 {[%clk 0:01:29]} Bd5 {[%clk 0:00:58]} 40. Bb3
{[%clk 0:31:13]} Nb6 {[%clk 0:30:32]} 41. Bxd5 {[%clk 0:27:24]} Nxd5
{[%clk 0:30:44]} 42. Rxg7 {[%clk 0:27:47]} 1-0

[Event "World Chess Olympiad 2018"]
[Site "Batumi"]
[Date "2018.09.24"]
[Round "1"]
[Board "4"]
[WhiteFideId "16300416"]
[White "Liu Yeh Yang"]
[BlackFideId "12400084"]
[Black "Dao Thien Hai"]
[Result "0-1"]
[LiveChessVersion "1.4.8"]
[BlackElo "2477"]
[WhiteElo "1926"]

1. e4 {[%clk 1:30:57]} c5 {[%clk 1:30:50]} 2. Nf3 {[%clk 1:31:24]} d6
{[%clk 1:31:06]} 3. c3 {[%clk 1:31:51]} Nf6 {[%clk 1:31:24]} 4. Qc2
{[%clk 1:32:18]} Bg4 {[%clk 1:30:41]} 5. Bb5+ {[%clk 1:27:18]} Nbd7
{[%clk 1:25:28]} 6. e5 {[%clk 1:23:59]} a6 {[%clk 1:20:02]} 7. exf6
{[%clk 1:15:47]} axb5 {[%clk 1:20:23]} 8. fxg7 {[%clk 1:16:07]} Bxg7
{[%clk 1:20:47]} 9. Ng5 {[%clk 1:07:25]} Bh5 {[%clk 1:19:16]} 10. O-O
{[%clk 0:58:35]} Bg6 {[%clk 1:17:29]} 11. Qd1 {[%clk 0:58:19]} c4
{[%clk 1:07:31]} 12. d4 {[%clk 0:55:31]} cxd3 {[%clk 1:00:30]} 13. Be3
{[%clk 0:55:39]} O-O {[%clk 0:58:46]} 14. f4 {[%clk 0:53:00]} e6 {[%clk 0:58:39]}
15. Qb3 {[%clk 0:52:36]} Ra5 {[%clk 0:55:48]} 16. Na3 {[%clk 0:51:32]} Nc5
{[%clk 0:55:37]} 17. Qb4 {[%clk 0:37:47]} b6 {[%clk 0:54:33]} 18. Nf3
{[%clk 0:34:46]} Qd7 {[%clk 0:51:31]} 19. Bd4 {[%clk 0:31:42]} f6
{[%clk 0:50:50]} 20. Nd2 {[%clk 0:26:23]} Be8 {[%clk 0:47:25]} 21. Bxc5
{[%clk 0:16:55]} dxc5 {[%clk 0:45:46]} 22. Qe4 {[%clk 0:17:21]} f5
{[%clk 0:46:04]} 23. Qe1 {[%clk 0:16:41]} Bh5 {[%clk 0:43:13]} 24. Nf3
{[%clk 0:14:59]} Ra4 {[%clk 0:41:53]} 25. Qd2 {[%clk 0:14:42]} Re4
{[%clk 0:41:26]} 26. Rae1 {[%clk 0:14:14]} c4 {[%clk 0:41:30]} 27. Nc2
{[%clk 0:11:14]} Bxf3 {[%clk 0:38:45]} 28. Rxf3 {[%clk 0:11:42]} dxc2
{[%clk 0:38:35]} 29. Qxd7 {[%clk 0:05:59]} Rxe1+ {[%clk 0:38:50]} 30. Kf2
{[%clk 0:06:28]} c1=Q {[%clk 0:39:08]} 31. Kg3 {[%clk 0:06:41]} Re3
{[%clk 0:38:52]} 32. Qxb5 {[%clk 0:05:27]} Qe1+ {[%clk 0:38:51]} 33. Kh3
{[%clk 0:05:54]} Bf6 {[%clk 0:38:56]} 0-1

[Event "World Chess Olympiad 2018"]
[Site "Batumi"]
[Date "2018.09.24"]
[Round "1"]
[Board "2"]
[WhiteFideId "2613280"]
[White "Preotu Razvan"]
[BlackFideId "12303135"]
[Black "Thing Bibek"]
[Result "1-0"]
[LiveChessVersion "1.4.8"]
[BlackElo "2237"]
[WhiteElo "2513"]

1. e4 {[%clk 1:30:54]} c5 {[%clk 1:30:28]} 2. Nf3 {[%clk 1:31:08]} d6
{[%clk 1:30:44]} 3. d4 {[%clk 1:30:51]} cxd4 {[%clk 1:31:02]} 4. Nxd4
{[%clk 1:31:05]} Nf6 {[%clk 1:31:18]} 5. Nc3 {[%clk 1:31:15]} a6 {[%clk 1:31:35]}
6. Be3 {[%clk 1:31:15]} Ng4 {[%clk 1:31:02]} 7. Bg5 {[%clk 1:30:07]} h6
{[%clk 1:30:59]} 8. Bh4 {[%clk 1:30:26]} g5 {[%clk 1:30:39]} 9. Bg3
{[%clk 1:30:46]} Bg7 {[%clk 1:30:42]} 10. h3 {[%clk 1:30:17]} Ne5
{[%clk 1:30:07]} 11. f3 {[%clk 1:30:29]} Nbc6 {[%clk 1:30:21]} 12. Bf2
{[%clk 1:30:49]} Nxd4 {[%clk 1:26:14]} 13. Bxd4 {[%clk 1:31:10]} Be6
{[%clk 1:26:26]} 14. Qd2 {[%clk 1:30:36]} Qa5 {[%clk 1:20:27]} 15. a3
{[%clk 1:30:49]} Rc8 {[%clk 1:18:54]} 16. O-O-O {[%clk 1:24:03]} b5
{[%clk 1:04:47]} 17. Kb1 {[%clk 1:23:48]} Rg8 {[%clk 0:48:21]} 18. h4
{[%clk 1:21:24]} Nc6 {[%clk 0:39:38]} 19. Bxg7 {[%clk 1:21:37]} Rxg7
{[%clk 0:40:05]} 20. hxg5 {[%clk 1:19:09]} hxg5 {[%clk 0:40:12]} 21. Rh8+
{[%clk 1:12:38]} Kd7 {[%clk 0:40:31]} 22. Rxc8 {[%clk 1:12:46]} Kxc8
{[%clk 0:40:50]} 23. a4 {[%clk 0:57:00]} b4 {[%clk 0:34:45]} 24. Nd5
{[%clk 0:57:08]} Kb7 {[%clk 0:34:45]} 25. b3 {[%clk 0:56:41]} Bxd5
{[%clk 0:31:47]} 26. exd5 {[%clk 0:54:41]} Ne5 {[%clk 0:31:48]} 27. Re1
{[%clk 0:46:47]} Qc5 {[%clk 0:27:40]} 28. Qe2 {[%clk 0:40:08]} Qb6
{[%clk 0:21:31]} 29. g3 {[%clk 0:40:15]} a5 {[%clk 0:14:04]} 30. f4
{[%clk 0:35:24]} Ng6 {[%clk 0:12:28]} 31. Qg4 {[%clk 0:35:37]} f6
{[%clk 0:07:13]} 32. Re4 {[%clk 0:27:04]} Nf8 {[%clk 0:03:17]} 33. Rc4
{[%clk 0:26:57]} Qd8 {[%clk 0:00:41]} 34. Rc6 {[%clk 0:23:15]} Rh7
{[%clk 0:00:46]} 35. Qe2 {[%clk 0:23:08]} 1-0

[Event "World Chess Olympiad 2018"]
[Site "Batumi"]
[Date "2018.09.24"]
[Round "1"]
[Board "3"]
[WhiteFideId "12300870"]
[White "Jaiswal Rupesh"]
[BlackFideId "2604922"]
[Black "Noritsyn Nikolay"]
[Result "0-1"]
[LiveChessVersion "1.4.8"]
[BlackElo "2482"]
[WhiteElo "2165"]

1. d4 {[%clk 1:30:51]} Nf6 {[%clk 1:30:48]} 2. Nf3 {[%clk 1:31:16]} g6
{[%clk 1:30:59]} 3. Bf4 {[%clk 1:31:33]} d6 {[%clk 1:30:36]} 4. e3
{[%clk 1:31:53]} Nh5 {[%clk 1:30:35]} 5. Bg5 {[%clk 1:31:27]} h6 {[%clk 1:30:57]}
6. Bh4 {[%clk 1:31:53]} g5 {[%clk 1:31:20]} 7. Nfd2 {[%clk 1:31:13]} Ng7
{[%clk 1:31:41]} 8. Bg3 {[%clk 1:31:16]} Nf5 {[%clk 1:32:03]} 9. Bd3
{[%clk 1:29:35]} h5 {[%clk 1:32:17]} 10. f3 {[%clk 1:05:45]} Nxe3
{[%clk 1:30:37]} 11. Qe2 {[%clk 1:06:08]} Nf5 {[%clk 1:30:46]} 12. Bxf5
{[%clk 1:05:59]} Bxf5 {[%clk 1:31:10]} 13. Qb5+ {[%clk 1:06:21]} Qd7
{[%clk 1:27:20]} 14. Qxb7 {[%clk 1:03:51]} Qc6 {[%clk 1:27:36]} 15. Qxc6+
{[%clk 1:02:42]} Nxc6 {[%clk 1:28:01]} 16. c3 {[%clk 1:00:41]} Rb8
{[%clk 1:25:04]} 17. b3 {[%clk 1:00:03]} Bg7 {[%clk 1:25:01]} 18. Na3
{[%clk 0:56:06]} e6 {[%clk 1:14:50]} 19. O-O {[%clk 0:48:33]} Ne7
{[%clk 1:14:06]} 20. Bf2 {[%clk 0:44:20]} Nd5 {[%clk 1:13:43]} 21. c4
{[%clk 0:38:06]} Nf4 {[%clk 1:12:34]} 22. Nb5 {[%clk 0:37:47]} Kd7
{[%clk 1:11:12]} 23. Rad1 {[%clk 0:33:44]} Bc2 {[%clk 1:06:25]} 24. Ra1
{[%clk 0:32:54]} Bd3 {[%clk 1:01:52]} 25. Rfd1 {[%clk 0:26:46]} Ne2+
{[%clk 0:49:27]} 26. Kh1 {[%clk 0:26:53]} a6 {[%clk 0:49:26]} 27. Na3
{[%clk 0:22:14]} Nxd4 {[%clk 0:46:23]} 28. Nf1 {[%clk 0:19:50]} Nc6
{[%clk 0:44:44]} 29. Rxd3 {[%clk 0:18:24]} Bxa1 {[%clk 0:45:08]} 30. Ng3
{[%clk 0:17:55]} Nb4 {[%clk 0:44:26]} 31. Rd2 {[%clk 0:17:16]} Bc3
{[%clk 0:44:38]} 32. Rd1 {[%clk 0:17:15]} f5 {[%clk 0:43:15]} 33. Nb1
{[%clk 0:15:54]} Nxa2 {[%clk 0:42:54]} 34. Nxc3 {[%clk 0:14:30]} Nxc3
{[%clk 0:43:18]} 35. Ra1 {[%clk 0:14:37]} Rxb3 {[%clk 0:43:15]} 0-1

[Event "World Chess Olympiad 2018"]
[Site "Batumi"]
[Date "2018.09.24"]
[Round "1"]
[Board "4"]
[WhiteFideId "2606577"]
[White "Hambleton Aman"]
[BlackFideId "12300403"]
[Black "Rajbhandari Rijendra"]
[Result "0-1"]
[LiveChessVersion "1.4.8"]
[BlackElo "1937"]
[WhiteElo "2492"]

1. c4 {[%clk 1:30:53]} c5 {[%clk 1:30:03]} 2. Nf3 {[%clk 1:30:54]} g6
{[%clk 1:28:59]} 3. e4 {[%clk 1:30:38]} Bg7 {[%clk 1:27:58]} 4. d4
{[%clk 1:30:58]} cxd4 {[%clk 1:27:59]} 5. Nxd4 {[%clk 1:31:21]} Nc6
{[%clk 1:27:31]} 6. Be3 {[%clk 1:31:27]} Nf6 {[%clk 1:25:29]} 7. Nc3
{[%clk 1:31:49]} d6 {[%clk 1:19:51]} 8. Be2 {[%clk 1:32:08]} O-O {[%clk 1:18:35]}
9. O-O {[%clk 1:32:11]} Nxd4 {[%clk 1:16:01]} 10. Bxd4 {[%clk 1:32:32]} Be6
{[%clk 1:16:06]} 11. Re1 {[%clk 1:27:14]} a6 {[%clk 1:12:31]} 12. Bf1
{[%clk 1:25:16]} Rc8 {[%clk 1:12:08]} 13. Nd5 {[%clk 1:19:55]} Nd7
{[%clk 1:05:10]} 14. Bxg7 {[%clk 1:04:48]} Kxg7 15. a4 {[%clk 1:05:03]} a5
{[%clk 1:01:11]} 16. Qd4+ {[%clk 1:02:32]} f6 {[%clk 1:00:55]} 17. Re3
{[%clk 1:02:44]} Bf7 {[%clk 0:53:05]} 18. b3 {[%clk 0:45:17]} Nc5
{[%clk 0:47:10]} 19. Rb1 {[%clk 0:43:21]} e6 {[%clk 0:38:56]} 20. Nc3
{[%clk 0:43:35]} Qb6 {[%clk 0:38:50]} 21. h4 {[%clk 0:29:37]} Nxa4
{[%clk 0:35:25]} 22. Qxb6 {[%clk 0:14:53]} Nxb6 {[%clk 0:35:49]} 23. Ra1
{[%clk 0:15:12]} Ra8 {[%clk 0:25:53]} 24. Nb5 {[%clk 0:14:22]} Rfd8
{[%clk 0:24:48]} 25. Nc7 {[%clk 0:11:14]} Rac8 {[%clk 0:24:17]} 26. Nb5
{[%clk 0:11:38]} a4 {[%clk 0:19:38]} 27. bxa4 {[%clk 0:12:03]} Nxc4
{[%clk 0:19:48]} 28. Rc3 {[%clk 0:12:28]} d5 {[%clk 0:18:49]} 29. exd5
{[%clk 0:12:40]} exd5 {[%clk 0:19:08]} 30. Nd4 {[%clk 0:12:27]} Ra8
{[%clk 0:15:32]} 31. Rb3 {[%clk 0:11:18]} Rd7 {[%clk 0:14:02]} 32. Rb4
{[%clk 0:10:37]} Re7 {[%clk 0:13:32]} 33. f3 {[%clk 0:10:13]} Rc8
{[%clk 0:08:59]} 34. Rc1 {[%clk 0:08:32]} Rcc7 {[%clk 0:07:58]} 35. Nb5
{[%clk 0:06:58]} Rcd7 {[%clk 0:08:11]} 36. Nd4 {[%clk 0:07:22]} Rc7
{[%clk 0:07:11]} 37. Nb5 {[%clk 0:07:42]} Rcd7 {[%clk 0:07:19]} 38. Nd4
{[%clk 0:08:04]} Ne5 {[%clk 0:07:14]} 39. Rb5 {[%clk 0:06:35]} Rc7
{[%clk 0:07:06]} 40. Rbc5 {[%clk 0:36:33]} Rxc5 {[%clk 0:36:36]} 41. Rxc5
{[%clk 0:37:00]} Nc4 {[%clk 0:33:39]} 42. Kf2 {[%clk 0:33:54]} f5
{[%clk 0:31:56]} 43. Nb5 {[%clk 0:28:00]} Nb2 {[%clk 0:27:44]} 44. a5
{[%clk 0:26:48]} Kf6 {[%clk 0:26:02]} 45. Be2 {[%clk 0:23:09]} Rd7
{[%clk 0:24:39]} 46. Ke3 {[%clk 0:18:04]} d4+ {[%clk 0:19:45]} 47. Kd2
{[%clk 0:01:14]} d3 {[%clk 0:19:56]} 48. Bd1 {[%clk 0:01:37]} Nc4+
{[%clk 0:19:55]} 49. Kc3 {[%clk 0:01:19]} Ne3 {[%clk 0:14:15]} 50. Kd2
{[%clk 0:01:43]} Nxd1 {[%clk 0:10:15]} 51. Kxd1 {[%clk 0:02:09]} d2
{[%clk 0:10:28]} 52. Rc3 {[%clk 0:02:32]} Rd5 {[%clk 0:10:04]} 53. Na3
{[%clk 0:01:59]} Be8 {[%clk 0:09:53]} 54. Rc4 {[%clk 0:01:21]} Rxa5
{[%clk 0:09:49]} 55. Nb1 {[%clk 0:01:35]} Ra4 {[%clk 0:07:34]} 56. Rc7
{[%clk 0:00:43]} Bc6 {[%clk 0:07:01]} 57. Nxd2 {[%clk 0:00:45]} Rxh4
{[%clk 0:07:18]} 58. Ke2 {[%clk 0:01:04]} h5 {[%clk 0:07:13]} 59. Nb3
{[%clk 0:00:57]} Rb4 {[%clk 0:06:46]} 60. Nc5 {[%clk 0:00:47]} Rb2+
{[%clk 0:06:38]} 61. Kf1 {[%clk 0:01:11]} Kg5 {[%clk 0:06:06]} 62. Ne6+
{[%clk 0:00:47]} Kf6 {[%clk 0:06:19]} 63. Nf8 {[%clk 0:00:38]} Bd5
{[%clk 0:03:57]} 64. Nh7+ {[%clk 0:00:38]} Ke5 {[%clk 0:04:20]} 65. Rg7
{[%clk 0:00:36]} Rb6 {[%clk 0:04:42]} 66. Nf8 {[%clk 0:00:50]} Rd6
{[%clk 0:03:53]} 67. Nd7+ {[%clk 0:00:40]} Kf4 {[%clk 0:03:56]} 68. Kf2
{[%clk 0:00:39]} h4 {[%clk 0:04:18]} 69. Nc5 {[%clk 0:00:34]} b5 {[%clk 0:04:21]}
70. Rh7 {[%clk 0:00:34]} Kg5 {[%clk 0:04:33]} 71. Rh8 {[%clk 0:00:34]} Bc4
{[%clk 0:04:30]} 72. Ke3 {[%clk 0:00:32]} f4+ {[%clk 0:04:34]} 73. Ke4
{[%clk 0:00:52]} Rd2 {[%clk 0:04:47]} 74. Rh7 {[%clk 0:00:36]} Rxg2
{[%clk 0:05:05]} 75. Ke5 {[%clk 0:00:59]} Re2+ {[%clk 0:05:18]} 76. Ne4+
{[%clk 0:01:23]} Rxe4+ {[%clk 0:05:21]} 77. Kxe4 {[%clk 0:01:51]} b4
{[%clk 0:05:08]} 78. Rb7 {[%clk 0:00:32]} b3 {[%clk 0:05:23]} 79. Rb4
{[%clk 0:00:44]} h3 {[%clk 0:04:06]} 80. Rxc4 {[%clk 0:01:01]} b2
{[%clk 0:04:30]} 81. Rb4 {[%clk 0:00:49]} h2 {[%clk 0:04:52]} 82. Rxb2
{[%clk 0:00:36]} h1=Q {[%clk 0:05:15]} 83. Rb5+ {[%clk 0:00:56]} Kh6
{[%clk 0:04:59]} 84. Kxf4 {[%clk 0:01:08]} Qc1+ {[%clk 0:04:56]} 85. Kg3
{[%clk 0:01:16]} Qe1+ {[%clk 0:04:13]} 86. Kf4 {[%clk 0:00:41]} g5+
{[%clk 0:04:27]} 87. Kf5 {[%clk 0:00:33]} Qe3 {[%clk 0:04:36]} 0-1

[Event "World Chess Olympiad 2018"]
[Site "Batumi"]
[Date "2018.09.24"]
[Round "1"]
[Board "1"]
[WhiteFideId "2107139"]
[White "Fier Alexandr"]
[BlackFideId "20500220"]
[Black "Mphungu Gerrard"]
[Result "1-0"]
[LiveChessVersion "1.4.8"]
[BlackElo "2091"]
[WhiteElo "2558"]

1. e4 {[%clk 1:30:57]} c5 {[%clk 1:29:44]} 2. Nf3 {[%clk 1:31:21]} d6
{[%clk 1:30:09]} 3. d4 {[%clk 1:31:48]} cxd4 {[%clk 1:30:35]} 4. Nxd4
{[%clk 1:32:14]} Nf6 {[%clk 1:31:01]} 5. Nc3 {[%clk 1:32:39]} a6 {[%clk 1:31:29]}
6. Qf3 {[%clk 1:33:04]} Qb6 {[%clk 1:26:24]} 7. Nb3 {[%clk 1:32:47]} e6
{[%clk 1:24:10]} 8. g4 {[%clk 1:32:46]} h6 {[%clk 1:19:08]} 9. h4
{[%clk 1:28:09]} h5 {[%clk 1:07:14]} 10. gxh5 {[%clk 1:28:04]} Nxh5
{[%clk 1:05:14]} 11. Be3 {[%clk 1:28:23]} Qc7 {[%clk 1:05:23]} 12. O-O-O
{[%clk 1:28:46]} b5 {[%clk 1:01:08]} 13. a3 {[%clk 1:22:49]} Nc6 {[%clk 0:55:34]}
14. Qe2 {[%clk 1:20:10]} Ne5 {[%clk 0:50:04]} 15. Rg1 {[%clk 1:14:22]} Bd7
{[%clk 0:46:26]} 16. Bd4 {[%clk 1:05:59]} Nf4 {[%clk 0:40:38]} 17. Qe3
{[%clk 1:02:44]} Rxh4 {[%clk 0:37:37]} 18. f3 {[%clk 1:03:10]} g6
{[%clk 0:33:52]} 19. Qf2 {[%clk 1:03:27]} Rh3 {[%clk 0:27:11]} 20. Nd2
{[%clk 1:02:33]} Rh7 {[%clk 0:23:21]} 21. Bb6 {[%clk 1:02:57]} Qc6
{[%clk 0:23:17]} 22. Be3 {[%clk 1:03:23]} Nh3 {[%clk 0:22:36]} 23. Bxh3
{[%clk 1:02:36]} Rxh3 {[%clk 0:23:02]} 24. f4 {[%clk 1:03:01]} Nc4
{[%clk 0:23:07]} 25. Nxc4 {[%clk 1:03:27]} Qxc4 {[%clk 0:22:48]} 26. f5
{[%clk 1:03:13]} gxf5 {[%clk 0:22:53]} 27. Rg8 {[%clk 1:00:36]} O-O-O
{[%clk 0:17:41]} 28. exf5 {[%clk 0:59:40]} Qh4 {[%clk 0:17:22]} 29. Qg2
{[%clk 1:00:01]} d5 {[%clk 0:16:37]} 30. Bg5 {[%clk 1:00:08]} Qg3
{[%clk 0:10:30]} 31. Bxd8 {[%clk 0:58:33]} Bh6+ {[%clk 0:09:28]} 32. Bg5+
{[%clk 0:58:57]} Kb7 {[%clk 0:09:21]} 33. Bxh6 {[%clk 0:59:22]} 1-0